000 00502nam a2200193Ia 4500
003 GCL
008 140319s9999 xx 000 0 eng d
040 _aGCL /
_cGCL
082 0 4 _a414
_bK P
100 1 _aKENSTOWICZ, MICHAEL
245 1 0 _aPHONOLOGY IN GENERATIVE GRAMMAR /
_cKENSTOWICZ, MICHAEL
260 _a[S.N] :
_bBLACKWELL ،
_c1993
300 _a704 P
650 0 4 _aGRAMMAR
650 0 4 _aPHONOLOGY
650 0 4 _aCOMPARATIVE AND GENERAL
650 0 4 _aGENERATIVE GRAMMAR
942 _2ddc
_cBK
999 _c24729
_d24729